000 00878nam a2200253Ia 4500
003 OSt
005 20221005112646.0
006 a|||||r|||| 00| 0
007 ta
008 221004b |||||||| |||| 00| 0 pan d
020 _a9789383716074 (hbk)
_c230
024 _a14150
037 _b883, 08/09/2014, H.K. Prakashan
_cTextual
040 _aCRL
_cCRL
_bpan
041 _2pan
_apan
082 _aO153:g, Q4
100 _aਨਰਿੰਦਰ ਤਸਨੀਮ
245 0 _aਸਾਹਿਤਕਾਰੀ ਅਤੇ ਸਾਹਿਤਕ ਪਰਿਪੇਖ
260 _aਜਲੰਧਰ
_bਪਰਵਾਗ਼ ਪ੍ਰਕਾFਨ ਭਾਰਤ
_c2014
300 _a160ਪੰ
_ccm.
650 _aਪੰਜਾਬੀ ਸਾਹਿਤ
942 _hO153:g, Q4
_cTEXL
_2cc
999 _c1025559
_d1025559